Ч. 1; Структура и свойства материалов

Podrobná bibliografie
Parent link:Структура и свойства материалов: сборник материалов к предстоящей зональной научной конференции/ Новокузнецкий государственный педагогический институт (НГПИ) ; под ред. А. Н. Ростовцева. Ч. 1.— , 1988-
Jazyk:ruština
Vydáno: 1988
Témata:
Médium: MixedMaterials Kniha
KOHA link:https://koha.lib.tpu.ru/cgi-bin/koha/opac-detail.pl?biblionumber=249826

MARC

LEADER 00000nam2a2200000 4500
001 249826
005 20231101232516.0
035 |a (RuTPU)RU\TPU\book\271938 
090 |a 249826 
100 |a 20140207d1988 k y0rusy50 ca 
101 0 |a rus 
102 |a RU 
105 |a y z 101zy 
200 0 |a Ч. 1 
210 |d 1988 
215 |a 202 с. 
320 |a Алф. указ.: с. 198-202. 
320 |a Библиогр.: с. 8. 
461 1 |0 (RuTPU)RU\TPU\book\273178  |t Структура и свойства материалов  |o сборник материалов к предстоящей зональной научной конференции  |f Новокузнецкий государственный педагогический институт (НГПИ) ; под ред. А. Н. Ростовцева  |v Ч. 1  |d 1988- 
606 1 |a Металлофизика  |x Металлургия  |2 stltpush  |3 (RuTPU)RU\TPU\subj\42718  |9 62376 
610 1 |a структура 
610 1 |a свойства 
610 1 |a конференции 
610 1 |a пластичность 
610 1 |a разрушение 
610 1 |a нагрев 
610 1 |a деформация 
610 1 |a упрочнение 
610 1 |a дисперсия 
675 |a 669:53  |v 3 
801 1 |a RU  |b 63413507  |c 20140207 
801 2 |a RU  |b 63413507  |c 20140218  |g RCR 
942 |c BK